| 000 | 00376nam a22001577a 4500 | ||
|---|---|---|---|
| 999 |
_c6852 _d6850 |
||
| 005 | 20210301113052.0 | ||
| 008 | 200606b xxu||||| |||| 00| 0 eng d | ||
| 082 | _a345.4 | ||
| 110 |
_aA.I.R _96441 |
||
| 245 | _aALL INDIA REPORTER (V-83) BOMBAY SECTION | ||
| 250 | _a4'TH | ||
| 260 |
_aMUMBAI _bA.I.R PVT. LTD |
||
| 300 | _a464;p | ||
| 650 |
_aLAW _95701 |
||
| 942 | _cJRL | ||